Movies Quiz

Random Movies or Clickable Quiz

Movies Inspired by Real Events Quiz Stats

 Plays Quiz Updated Aug 16, 2016

Challenge
Share
Tweet
Embed
Score 0/35 Timer 08:00
0 Plays Today
% Correct
The Social Network (2010)
97.8%
The King's Speech (2010)
93.8%
The Iron Lady (2011)
93.3%
The Theory of Everything (2014)
90.3%
Zero Dark Thirty (2012)
89.5%
The Walk (2015)
87.4%
W. (2008)
86.7%
Flags of Our Fathers (2006)
84.7%
Saving Mr Banks (2013)
83.6%
Moneyball (2011)
82.8%
Valkyrie (2008)
82.7%
The Aviator (2004)
82.5%
Captain Phillips (2013)
79.8%
Straight Outta Compton (2015)
79.7%
Bobby (2006)
79.5%
127 Hours (2010)
79.5%
300 (2007)
79.1%
Invictus (2009)
78.3%
% Correct
The Big Short (2015)
78.1%
Notorious (2009)
77.6%
Rush (2013)
77.3%
The Queen (2006)
76.6%
The Perfect Storm (2000)
76.4%
Hunger (2008)
76%
A Beautiful Mind (2001)
75.7%
21 (2008)
75.2%
The Last King of Scotland (2006)
74.7%
Spotlight (2015)
73.6%
Black Hawk Down (2001)
72.1%
The Imitation Game (2014)
71.3%
The 33 (2015)
71%
Lincoln (2012)
70.1%
From Hell (2001)
68.7%
The Damned United (2009)
67.5%
Thirteen Days (2000)
66.9%

You're not logged in!

Compare scores with friends on all Sporcle quizzes.
OR
Log In

You Might Also Like...

Show Comments

Extras

Top Quizzes Today


Score Distribution

Your Account Isn't Verified!

In order to create a playlist on Sporcle, you need to verify the email address you used during registration. Go to your Sporcle Settings to finish the process.

Report this User

Report this user for behavior that violates our Community Guidelines.

Details: